000 01504nam a2200373Ia 4500
001 ebr10256368
003 CaPaEBR
006 m u
007 cr cn|||||||||
008 031201t20072004mdu sb 001 0 eng d
010 _z 2003025940
020 _z9780801886355
020 _z080188635X
020 _z0801879655
040 _aCaPaEBR
_cCaPaEBR
035 _a(OCoLC)310116497
050 1 4 _aPA4407.Q5
_bE5 2007eb
100 0 _aQuintus,
_cSmyrnaeus,
_d4th cent.
240 1 0 _aPosthomerica.
_lEnglish
245 1 4 _aThe Trojan epic
_h[electronic resource] :
_bPosthomerica /
_cQuintus of Smyrna ; translated and edited by Alan James.
260 _aBaltimore :
_bJohns Hopkins University Press,
_c2007, c2004.
300 _axl, 365 p.
490 1 _aJohns Hopkins new translations from antiquity
504 _aIncludes bibliographical references (p. xxxvii-xl) and index.
533 _aElectronic reproduction.
_bPalo Alto, Calif. :
_cebrary,
_d2011.
_nAvailable via World Wide Web.
_nAccess may be limited to ebrary affiliated libraries.
650 0 _aEpic poetry, Greek
_vTranslations into English.
650 0 _aTrojan War
_vPoetry.
651 0 _aTroy (Extinct city)
_vPoetry.
655 7 _aElectronic books.
_2local
700 1 _aJames, Alan
_q(Alan W.)
710 2 _aebrary, Inc.
830 0 _aJohns Hopkins new translations from antiquity.
856 4 0 _uhttp://site.ebrary.com/lib/rucke/Doc?id=10256368
_zAn electronic book accessible through the World Wide Web; click to view
999 _c33763
_d33763